| 000 | 00944nam a2200313Ka 4500 | ||
|---|---|---|---|
| 008 | |||
| 020 | _a1563634716 (hbk.) | ||
| 049 | _aMAIN | ||
| 090 | _aREF RS75.P578 PHY | ||
| 245 | 0 | 0 | _aPhysicians' desk reference 2004. |
| 246 | 3 | _aPDR 2004. | |
| 250 | _a58th ed. | ||
| 260 |
_aMontvale, NJ : _bThomson PDR, _cc2004. |
||
| 300 |
_a3538p. : _bill. ; _c31 cm. |
||
| 650 | 0 |
_aDrugs _vDictionaries. |
|
| 650 | 0 |
_aPharmacology _vDictionaries. |
|
| 650 | 0 | _aPharmacy. | |
| 650 | 0 | _aMateria medica. | |
| 650 | 0 | _aBiological products. | |
| 650 | 2 |
_aBiological Products _zUnited States _vCatalogs. |
|
| 650 | 2 |
_aCatalogs, Drug _zUnited States. |
|
| 650 | 2 |
_aPharmaceutical Preparations _zUnited States _vCatalogs. |
|
| 650 | 2 |
_aPharmacology _vDictionary. |
|
| 907 |
_a.b10243732 _b10-05-07 _c10-05-07 |
||
| 003 | |||
| 005 | 20230123134443.0 | ||
| 040 | _cNUST | ||
| 942 |
_cBOOKS _kREF RS75.P578 PHY |
||
| 999 |
_c166190 _d166190 |
||